International Workshop on Future Plan for South-South Cooperation on Biodiversity Conservation Development (Registro nro. 8408)

Detalles MARC
000 -CABECERA
Campo de control 01376nam a22002297a 4500
005 - FECHA Y HORA DE LA ULTIMA TRANSACCION
Campo de control 20180518100217.0
008 - ELEMENTOS DE LONGITUD FIJA—INFORMACION GENERAL
Campo de control 140428s2012 ko abdogr|||| 00| 0 eng d
041 ## - IDIOMA
Código de idioma para texto/pista de sonido o título separado Inglés
082 ## - NUMERO DE CLASIFICACION DECIMAL DEWEY
Número de clasificación 333.9516
Número del ítem K94i
111 2# - ASIENTO PRINCIPAL--NOMBRE DE REUNION
Nombre de reunión o de jurisdicción como elemento de entrada International Workshop on Future Plan for South-South Cooperation on Biodiversity Conservation Development
Lugar de la reunión Seoul
Fecha de la reunión September 7 2012
242 10 - TRADUCCION DEL TITULO POR LA AGENCIA CATALOGADORA
Título Taller Internacional sobre el Plan de Futuro para la Cooperación Sur-Sur en Biodiversidad para el Desarrollo de la Conservación
Mención de responsabilidad Korean Society of Nature Conservation, World Conservation Congress, National Institute of Biological Resources
Código de idioma del título traducido spa
245 10 - MENCION DE TITULO
Título International Workshop on Future Plan for South-South Cooperation on Biodiversity Conservation Development
Mención de responsabilidad Korean Society of Nature Conservation, World Conservation Congress, National Institute of Biological Resources
260 3# - PUBLICACION, DISTRIBUCION, ETC. (PIE DE IMPRENTA)
Lugar de publicación, distribución, etc. Seoul
Nombre del editor, distribuidor, etc. Korean Society of Nature Conservation
Fecha de publicación, distribución, etc. 2012
300 ## - DESCRIPCION FISICA
Extensión 122 p.
Otros detalles físicos il., fot., mapas, tablas, gráficas
Dimensiones 30 cm
590 ## - NOTA LOCAL
Nota local 242 traducción por la agencia catalogadora
650 #4 - ASIENTO SECUNDARIO DE MATERIA - TERMINO TEMATICO
Término temático o nombre geográfico como elemento de entrada Biodiversidad
Subdivisión de forma Taller
Subdivisión general Conservación
650 #4 - ASIENTO SECUNDARIO DE MATERIA - TERMINO TEMATICO
Término temático o nombre geográfico como elemento de entrada Biodiversidad
Subdivisión de forma Taller
Subdivisión general Cooperación
710 2# - ASIENTO SECUNDARIO - NOMBRE CORPORATIVO
Nombre corporativo o de jurisdicción como elemento de entrada Korean Society of Nature Conservation
710 2# - ASIENTO SECUNDARIO - NOMBRE CORPORATIVO
Nombre corporativo o de jurisdicción como elemento de entrada World Conservation Congress
710 2# - ASIENTO SECUNDARIO - NOMBRE CORPORATIVO
Nombre corporativo o de jurisdicción como elemento de entrada National Institute of Biological Resources
Lugar de la reunión (Corea del Sur)
942 ## - ELEMENTOS ADICIONALES (KOHA)
Sistema de clasificación Dewey Decimal Classification
Tipo de ítem Impreso
Existencias
Withdrawn status Lost status Sistema de Clasificación Damaged status No para préstamo Colección Inventariado Ubicación Permanente Ubicación actual Fecha de adquisición Fuente de Valor Valor Total Checkouts Número topográfico Inventario / Código de Barras Date last seen Ejemplar Price effective from Forma de adquisición Tipo de material
    Dewey Decimal Classification     General Inventariado 2017 Sala Fabio Quevedo Sala Fabio Quevedo 28/04/2014 Instituto 39000.00   LB-333.9516 K94i 034366 28/04/2014 Ej. 1 28/04/2014   Libro